| 000 | 00498nam a2200181Ia 4500 | ||
|---|---|---|---|
| 005 | 20250326125845.0 | ||
| 008 | 250326s9999 xx 000 0 und d | ||
| 037 | _aTextbook | ||
| 040 |
_aFMSL _beng _cFMSL |
||
| 041 |
_aeng _2eng |
||
| 084 |
_aY N6 _qFMSL |
||
| 100 |
_aLaing M _9109461 |
||
| 245 | 0 |
_aResponsibilitics of the industrialist in modern society _cLaing M |
|
| 260 |
_aLondon _bLondon, Tavistock _c1966 |
||
| 300 | _a15p | ||
| 942 |
_cTB _hY N6 |
||
| 999 |
_c1279884 _d1279884 |
||